Pla de vigilància i prevenció d'incendis forestals del parc natural de les serres del Montnegre-Corredor (Serralada de Marina) : any 2005 any 2005
Descripción Física:
[34] f. : taules, map. ; 29 cm
MARC
| LEADER | 00000nam a2200000Ia 4500 | ||
|---|---|---|---|
| 001 | 22485 | ||
| 008 | 160829s2005 xx 000 0 cat d | ||
| 080 | |a C-3-275 | ||
| 245 | |a Pla de vigilància i prevenció d'incendis forestals del parc natural de les serres del Montnegre-Corredor (Serralada de Marina) : |b any 2005 | ||
| 260 | |a Barcelona : |b Diputació de Barcelona, Àrea d'Espais Naturals, |c 2005 | ||
| 300 | |a [34] f. : |b taules, map. ; |c 29 cm | ||
| 590 | |a Inclou 1 còpia del plànol: Pla de prevenció d'incendis 2005. Pla especial de protecció del medi físic i del spaisatge de les serres del Montnegre-Corredor (Serralada de Marina). Escala 1:25000 | ||
| 650 | 0 | |a Parc del Montnegre i el Corredor (Catalunya) |x Incendis i prevenció d'incendis |9 50257 | |
| 650 | 0 | |a Incendis forestals |x Prevenció i control |9 50256 | |
| 710 | |a Barcelona (Catalunya : Província). |b Àrea d'Espais Naturals |9 9050 | ||
| 901 | |a Arxiu | ||
| 942 | |n 1 | ||
| 952 | |0 0 |1 0 |4 0 |6 C3275 |7 1 |9 51385 |a Arxiu |b Arxiu |d 2016-12-01 |l 0 |o C-3-275 |p 22485 |r 2016-12-01 00:00:00 |w 2016-12-01 |y ARXIU | ||
| 999 | |c 55229 |d 55229 | ||